| 000 | 00968nam a2200193 a 4500 | ||
|---|---|---|---|
| 001 | 000034201 | ||
| 005 | 20200930070849.0 | ||
| 008 | 110928s1983 dr 000 0 spa d | ||
| 020 | _a2892370280 | ||
| 040 |
_aDO-SdBNP _bspa _cBNPHU |
||
| 041 | 1 | 7 |
_afre _2spa _geng |
| 111 | 2 |
_aCongreso internacional par el estudio de las culturas Pre-Colombinasde las Antillas Menores _n(9 : 2-8 _cSanto Domingo _d1981) _959622 |
|
| 245 | 1 | 0 |
_aProceedings of the ninth International Congress for the Study of the Pre-Columbian Cultures of the Lesser Antilles = _bCompte rendus des communications du Congrès international d'ètudes des civilisations précolombiennes des Petites Antilles. |
| 246 | 1 | 0 | _aCompte-rendu des communications du des Congrès international d'ètudes des civilisations précolombiennes des Petites Antilles |
| 260 |
_aMontreal : _bCent de Rechrrches Caraibes, _c1983. |
||
| 300 |
_a7574 p. ; _c29 cm. |
||
| 546 | _aenglés, francés y español | ||
| 049 | _aBNPD | ||
| 999 |
_c33692 _d33692 |
||